Biblioteca

Declaración Universal de los derechos humanos (Registro nro. 44368)

Detalles MARC
000 -LÍDER
Campo fijo de descripción fija 003830000a22001330004500
001 - NÚMERO DE CONTROL
Campo de control 17873
245 10 - TÍTULO
Título del Material Declaración Universal de los derechos humanos
260 ## - PUBLICACIÓN, DISTRIBUCIÓN, ETC. (PIE DE IMPRENTA)
Lugar de publicación, distribución, etc. Bogotá : Oficina en Colombia del Alto Comisionado de las Naciones Unidas para los Derechos Humanos
300 ## - DESCRIPCIÓN FÍSICA
Extensión 20 p.
505 00 - NOTA DE CONTENIDO
Nota de contenido con formato preestablecido Derechos humanos
650 14 - ASIENTO SECUNDARIO DE MATERIA - TERMINO TEMÁTICO
Término temático o nombre geográfico como elemento de entrada DERECHOS HUMANOS
942 ## - TIPO DE MATERIAL (KOHA)
Tipo de Item KOHA Libros General
Existencias
Estado de Material Estado de Perdido Estado de Dañado No para Préstamo Colección Tomo Biblioteca de Origen Biblioteca Permanente Fecha de Adquisición Total de Préstamos Signatura Topográfica Código de Barras Última vez visto Última vez Préstado Ejemplar/Existencia Fecha de Remplazo Tipo de Material
        Colección Folletos   Biblioteca FUSBC Biblioteca FUSBC 19/02/2013 1 AV 0427 17864 12/12/2019 07/05/2019 1 26/01/2016 Documentos Archivo Vertical

Biblioteca FUSBC | Teléfono: (57+4) 349 88 10 Ext. 141| WhatsApp (+57) 3005338115 
E-mail: biblioteca@unisbc.edu.co | Calle 76 87-14 Robledo Palenque, Medellín, Colombia

Con tecnología Koha